000 00673nam a2200229 a 4500
999 _c1058
_d1058
008 191121s2008 ii ||||g |||| 00| 0 eng d
020 _a9780143063759
_cRs. 450.00
040 _aKO
_beng
041 0 _aeng
044 _aii
082 0 4 _223
_a330.954
_bC4341
100 1 _aChidambaram, P.
245 1 0 _aA View from the Outside :
_bwhy good economics works for everyone /
_c P. Chidambaram
260 _aNew Delhi :
_bPenguin Books India Pvt. Ltd. ,
_c2008
300 _axv, 372 p. ;
_c21 cm
650 0 _aEconomic policy
_zIndia
650 0 _aEconomic conditions
_zIndia
650 0 _aPolitics and government
_zIndia
904 _aA_BOSE
942 _cBK